000 01009nam0a22002531 4500
001 rc\2751335
005 20250529144952.0
035 _a(NLR Aleph) 006878235
090 _a7019621
_c7019621
100 _a20110915d1939 |||y0rusy50 ca
101 0 _arus
102 _aRU
105 _aa z |||||
200 1 _aПособие к практическим занятиям по патологической физиологии
_fС. Г. Генес, А. В. Соколов
_gКафедра патологич. физиологии мед. ин-та им. М. Горького гор. Сталино
210 _aСталино
_cМед. ин-т им. М. Горького
_d1939
215 _a189 с.
_cил., табл.
_d21 см.
333 _aНа правах рукописи
700 1 _aГенес
_bС.Г.
_f1898-
_gСемен Григорьевич
701 1 _aСоколов
_bА.В.
801 0 _aRU
_bNLR
_gpsbo
801 1 _aRU
_bELAR
_2rusmarc
852 _aNLR
_j39-3/1431
942 _cBOOK
980 _aNB